[Event "Hull 4NCL International"]
[Site "Hull"]
[Date "2021.10.24"]
[Round "4.12"]
[White "Green, Michael"]
[Black "Bradbury, Neil H"]
[Result "0-1"]
[WhiteElo "2050"]
[BlackElo "2329"]
[PlyCount "80"]
[EventDate "2021.10.22"]

1. e4 e5 2. Nf3 Nc6 3. d4 exd4 4. Nxd4 Bc5 5. Nb3 Bb6 6. Nc3 d6 7. Qe2 Be6 8.
Be3 Nf6 9. f3 O-O 10. O-O-O Re8 11. Bg5 h6 12. Bh4 Ne5 13. g4 Ng6 14. Bg3 a5
15. Nd4 Bxd4 16. Rxd4 Nd7 17. h4 Qf6 18. Qe3 Nge5 19. Be2 Nc6 20. Rdd1 a4 21.
a3 Ra5 22. f4 Nb6 23. g5 Qe7 24. gxh6 Bf5 25. hxg7 d5 26. e5 d4 27. Rxd4 Nxd4
28. Qxd4 Rd8 29. Qe3 Nd5 30. Nxd5 Raxd5 31. Be1 Qe6 32. Bc3 R5d7 33. Kb1 Qd5
34. Rc1 Be6 35. b3 axb3 36. Bb2 bxc2+ 37. Rxc2 Bf5 38. Ka1 Bxc2 39. f5 Bxf5 40.
Qh6 Bh7 0-1

[Event "Hull 4NCL International"]
[Site "Hull"]
[Date "2021.10.24"]
[Round "4.13"]
[White "Jukes, Sam"]
[Black "Agnew, Alan"]
[Result "1/2-1/2"]
[WhiteElo "1973"]
[BlackElo "2185"]
[PlyCount "89"]
[EventDate "2021.10.22"]

1. e4 c6 2. Nc3 d5 3. Nf3 Bg4 4. h3 Bxf3 5. Qxf3 dxe4 6. Nxe4 Nd7 7. Bc4 Ne5 8.
Qc3 Nxc4 9. Qxc4 Qd5 10. Qxd5 cxd5 11. Nc3 e6 12. d4 Nf6 13. Bg5 Bb4 14. Bxf6
gxf6 15. a3 Be7 16. Ne2 Bd6 17. f4 h5 18. g3 f5 19. Kf2 Ke7 20. Kf3 Rhc8 21. c3
b5 22. Ke3 a5 23. b4 Ra7 24. bxa5 Rxa5 25. Rhb1 Rca8 26. Rb3 Kd7 27. Rab1 Kc6
28. a4 bxa4 29. Rb7 Bc7 30. Nc1 R8a7 31. R7b2 a3 32. Ra2 Bd6 33. Nd3 f6 34. Kf3
Ra4 35. Re1 Kd7 36. Rb1 Rc4 37. Rb3 Kc6 38. Nb2 Rb7 39. Nxc4 dxc4 40. Rxb7 Kxb7
41. Re2 Kc6 42. Rxe6 Kb5 43. Rxd6 a2 44. Rd5+ Ka6 45. Rd6+ 1/2-1/2

[Event "Hull 4NCL International"]
[Site "Hull"]
[Date "2021.10.24"]
[Round "4.14"]
[White "Flynn, David"]
[Black "Edwards-Wright, Miles D"]
[Result "1/2-1/2"]
[WhiteElo "1863"]
[BlackElo "2091"]
[PlyCount "49"]
[EventDate "2021.10.22"]

1. e4 g6 2. Nc3 Bg7 3. Bc4 d6 4. f4 e6 5. Nf3 Ne7 6. d4 a6 7. a4 b6 8. Be3 h6
9. Qd2 Nd7 10. e5 d5 11. Be2 c5 12. O-O Nf5 13. Bf2 O-O 14. g4 Nxd4 15. Nxd4
cxd4 16. Bxd4 Bb7 17. Qe3 Re8 18. Rae1 Rc8 19. Bd1 Rc4 20. b3 Rxd4 21. Qxd4 Bf8
22. Kg2 Bc5 23. Qd3 Bb4 24. Qd4 Bc5 25. Qd3 1/2-1/2

[Event "Hull 4NCL International"]
[Site "Hull"]
[Date "2021.10.24"]
[Round "4.15"]
[White "Pal, Rohan"]
[Black "Gardiner, Eric D"]
[Result "1/2-1/2"]
[WhiteElo "1805"]
[BlackElo "2091"]
[PlyCount "0"]
[EventDate "2021.10.22"]

1. e4 e6 2. d3 d5 3. Qe2 Ne7 4. Nf3 c5 5. g3 Nbc6 6. Bg2 g6 7. O-O Bg7 8. c3 b6
9. Ne1 O-O 10. f4 f5 11. e5 g5 12. Nf3 g4 13. Ne1 Bb7 14. Nc2 Qc7 15. Nd2 Rfd8
16. b3 b5 17. Qf2 d4 18. c4 a6 19. Ba3 b4 20. Bb2 Bf8 21. Qe2 Nc8 22. h4 Nb6
23. Rfb1 a5 24. a4 bxa3 25. Bxa3 Nb4 26. Bxb4 axb4 27. Bxb7 Qxb7 28. Qg2 Qxg2+
1/2-1/2

[Event "Hull 4NCL International"]
[Site "Hull"]
[Date "2021.10.24"]
[Round "4.16"]
[White "Prince, Alan R"]
[Black "Kilshaw, Joe"]
[Result "0-1"]
[WhiteElo "1773"]
[BlackElo "2050"]
[PlyCount "60"]
[EventDate "2021.10.22"]

1. Nf3 f5 2. d3 Nf6 3. e4 d6 4. e5 dxe5 5. Nxe5 Qd6 6. d4 Nc6 7. Bb5 Bd7 8.
Nxd7 Nxd7 9. c3 O-O-O 10. Qf3 e5 11. Bxc6 bxc6 12. O-O g6 13. Na3 Qd5 14. Qe2
Bxa3 15. bxa3 c5 16. Rb1 c4 17. Rb4 exd4 18. cxd4 Nb6 19. Bf4 Qxd4 20. Be3 Rhe8
21. Qf3 Qe4 22. Bxb6 axb6 23. Qxe4 Rxe4 24. Rc1 Rd2 25. h3 Rxa2 26. a4 c3 27.
Rxe4 fxe4 28. Rxc3 Rxa4 29. Kh2 Rd4 30. f3 Rd3 0-1

[Event "Hull 4NCL International"]
[Site "Hull"]
[Date "2021.10.24"]
[Round "4.17"]
[White "Ciuravin, Andrei"]
[Black "Gillespie, David P"]
[Result "1-0"]
[WhiteElo "2029"]
[BlackElo "2003"]
[PlyCount "45"]
[EventDate "2021.10.22"]

1. d4 d5 2. c4 e6 3. Nc3 Nf6 4. cxd5 exd5 5. Bg5 c6 6. Qc2 Nbd7 7. e3 Be7 8.
Bd3 h6 9. Bh4 Nh5 10. Bxe7 Qxe7 11. Nge2 Nb6 12. O-O Be6 13. f3 O-O 14. e4 Rad8
15. e5 f5 16. Na4 Nc4 17. Bxc4 dxc4 18. Rad1 b6 19. Nac3 Rd7 20. f4 Rfd8 21. d5
cxd5 22. Nd4 Rf8 23. g4 1-0

[Event "Hull 4NCL International"]
[Site "Hull"]
[Date "2021.10.24"]
[Round "4.18"]
[White "Chauhan, Pranay"]
[Black "Southcott-Moyers, Indy"]
[Result "1/2-1/2"]
[WhiteElo "2018"]
[BlackElo "1751"]
[PlyCount "115"]
[EventDate "2021.10.22"]

1. Nf3 d5 2. g3 Nf6 3. Bg2 Bg4 4. c4 c6 5. Ne5 Bf5 6. cxd5 cxd5 7. Nc3 e6 8. g4
Bg6 9. h4 Bd6 10. d4 h5 11. Nxg6 fxg6 12. g5 Nfd7 13. Qd3 Qe7 14. Qxg6+ Qf7 15.
Qxf7+ Kxf7 16. Nb5 Ke7 17. Nxd6 Kxd6 18. Bf4+ Ke7 19. O-O Nc6 20. e3 Rac8 21.
Rfd1 Nb6 22. a3 Na5 23. e4 Kf7 24. exd5 Nxd5 25. Bg3 Rhd8 26. Rd3 Ne7 27. Re1
Nac6 28. Bh3 Nxd4 29. Rxd4 Rxd4 30. Bxe6+ Kf8 31. Bxc8 Nxc8 32. Rc1 Nb6 33. Rc7
Rd7 34. Rxd7 Nxd7 35. Kg2 Kf7 36. Kf3 Ke6 37. Ke4 g6 38. Kd4 Nb6 39. Bb8 a6 40.
Bc7 Nd5 41. Bg3 Nb6 42. b3 Nd7 43. a4 Nb6 44. Bh2 Nd7 45. Bc7 Nf8 46. Ba5 Nd7
47. Bb4 Ne5 48. Ke4 Nc6 49. Bc3 Ne7 50. f3 Nf5 51. Be1 Kd6 52. Bf2 Ke6 53. b4
b5 54. axb5 axb5 55. Be1 Kd6 56. Bf2 Ke6 57. Be1 Kd6 58. Bf2 1/2-1/2

[Event "Hull 4NCL International"]
[Site "Hull"]
[Date "2021.10.24"]
[Round "4.19"]
[White "Turner, Lewis A"]
[Black "Usifoh, Kristian C"]
[Result "1-0"]
[WhiteElo "1934"]
[BlackElo "2050"]
[PlyCount "81"]
[EventDate "2021.10.22"]

1. e4 c6 2. d4 d5 3. e5 c5 4. dxc5 e6 5. a3 Qc7 6. Nf3 Nc6 7. b4 Nxe5 8. Bb2
Nd7 9. Bb5 Ngf6 10. Be5 Qd8 11. c6 bxc6 12. Bxc6 Ba6 13. b5 Bxb5 14. Bxb5 Bc5
15. O-O O-O 16. Bd4 Bd6 17. Re1 Qc7 18. Bxd7 Nxd7 19. Qe2 Rac8 20. Ra2 Qa5 21.
Qd2 Qa4 22. Nc3 Qa5 23. Ne4 Qxd2 24. Nexd2 Rc7 25. Ne5 Nc5 26. Bxc5 Bxc5 27.
Nb3 Be7 28. Nd4 Rfc8 29. g3 Bf6 30. Ndf3 Rxc2 31. Rxc2 Rxc2 32. Rb1 g6 33. Rb8+
Kg7 34. Rb7 Bxe5 35. Nxe5 Kf6 36. f4 Kf5 37. Rxf7+ Ke4 38. Rxa7 d4 39. Rd7 Ra2
40. Nc6 d3 41. Rd4+ 1-0

[Event "Hull 4NCL International"]
[Site "Hull"]
[Date "2021.10.24"]
[Round "4.20"]
[White "Verma, Shlok"]
[Black "Varley, Joe"]
[Result "1-0"]
[WhiteElo "2005"]
[BlackElo "1905"]
[PlyCount "31"]
[EventDate "2021.10.22"]

1. d4 Nf6 2. c4 g6 3. Nc3 d5 4. Bg5 Ne4 5. Bf4 Nxc3 6. bxc3 c5 7. e3 Bg7 8. Nf3
O-O 9. cxd5 cxd4 10. exd4 Qxd5 11. Be2 Nc6 12. O-O Rd8 13. Qb3 Bf5 14. Bc4 Qe4
15. Bxf7+ Kf8 16. Ng5 1-0

[Event "Hull 4NCL International"]
[Site "Hull"]
[Date "2021.10.24"]
[Round "4.21"]
[White "Bedi, Adam"]
[Black "Fathallah, Joe"]
[Result "0-1"]
[WhiteElo "1930"]
[BlackElo "1998"]
[PlyCount "58"]
[EventDate "2021.10.22"]

1. d4 f5 2. g3 Nf6 3. c4 g6 4. Bg2 Bg7 5. Nf3 d6 6. O-O O-O 7. Nc3 c6 8. d5 e5
9. e4 Na6 10. Nd2 cxd5 11. cxd5 Nc5 12. Qe2 a5 13. b3 b6 14. Re1 Ba6 15. Qd1
Nd3 16. Re3 Bh6 17. Rf3 Rc8 18. Ne2 Nxc1 19. Nxc1 Bxd2 20. Qxd2 Nxe4 21. Qe1
Rc2 22. Re3 Rxf2 23. Bxe4 fxe4 24. Qxf2 Rxf2 25. Kxf2 Qf6+ 26. Ke1 Qf1+ 27. Kd2
Qf2+ 28. Ne2 Bxe2 29. Rxe2 Qd4+ 0-1

[Event "Hull 4NCL International"]
[Site "Hull"]
[Date "2021.10.24"]
[Round "4.22"]
[White "Gillespie, Gary D"]
[Black "Culkin, Shaun J"]
[Result "1/2-1/2"]
[WhiteElo "1895"]
[BlackElo "1983"]
[PlyCount "0"]
[EventDate "2021.10.22"]

1. d4 Nf6 2. Nf3 g6 3. Nc3 d5 4. Bf4 Bg7 5. e3 a6 6. Be2 c5 7. Ne5 cxd4 8. exd4
O-O 9. Qd2 b5 10. a3 Bb7 11. Bh6 Ne4 12. Nxe4 dxe4 13. Rd1 e3 14. Qxe3 Bxg2 15.
Rg1 Bd5 16. h4 Nd7 17. h5 Nxe5 18. dxe5 e6 19. Bxg7 Kxg7 20. h6+ Kg8 21. Rd4
Rc8 22. Bd3 Qe7 23. Rdg4 Bc4 24. Bxc4 Rxc4 25. Rxc4 bxc4 26. Rg4 Rc8 27. Rd4
Kf8 28. Qd2 Ke8 29. c3 Rc5 1/2-1/2

[Event "Hull 4NCL International"]
[Site "Hull"]
[Date "2021.10.24"]
[Round "4.23"]
[White "Dasgupta, Avyukt"]
[Black "Gostelow, David W"]
[Result "0-1"]
[WhiteElo "1777"]
[BlackElo "1972"]
[PlyCount "141"]
[EventDate "2021.10.22"]

1. d4 d5 2. Bf4 Nf6 3. e3 c5 4. c3 Nc6 5. Nd2 Bf5 6. Ngf3 e6 7. Qb3 Qb6 8. Qb5
Be7 9. a4 O-O 10. a5 Qxb5 11. Bxb5 a6 12. Be2 h6 13. Bc7 c4 14. O-O Rac8 15.
Bb6 Nd7 16. Ne5 Ncxe5 17. dxe5 Nxe5 18. Bd4 Nc6 19. Bb6 Rfe8 20. f3 Bd8 21.
Bxd8 Rexd8 22. Rfd1 Bc2 23. Rdc1 Bg6 24. Rd1 Ne5 25. Nf1 Kf8 26. h3 Ke7 27. Kh2
Rc5 28. Ra2 Nc6 29. Re1 e5 30. f4 exf4 31. exf4 d4 32. cxd4 Rxd4 33. Kg3 Bc2
34. Rc1 Bb3 35. Ra3 Rxa5 36. Rxa5 Nxa5 37. Ne3 Kf8 38. Nf5 Rd2 39. Re1 Rxb2 40.
Bf3 c3 41. Nd6 g6 42. Rc1 c2 43. Be4 Nc6 44. Nxb7 Nd4 45. Kf2 f5 46. Bd3 Bd5
47. Nc5 Nb3 48. Nxb3 Bxb3 49. Ke3 a5 50. Kd2 a4 51. Bxc2 Kf7 52. g3 Rxc2+ 53.
Rxc2 Bxc2 54. Kxc2 h5 55. Kc3 Ke6 56. Kb4 Kd5 57. Kxa4 Ke4 58. Kb4 Kf3 59. Kc4
Kxg3 60. Kd4 Kxf4 61. h4 Kg4 62. Ke3 Kxh4 63. Kf2 Kg4 64. Kg2 g5 65. Kf1 Kf3
66. Kg1 h4 67. Kh1 Kg3 68. Kg1 f4 69. Kh1 f3 70. Kg1 h3 71. Kh1 0-1

[Event "Hull 4NCL International"]
[Site "Hull"]
[Date "2021.10.24"]
[Round "4.25"]
[White "Mollison, Jamie"]
[Black "Ilett, Raymond J"]
[Result "1/2-1/2"]
[WhiteElo "1998"]
[BlackElo "1938"]
[PlyCount "79"]
[EventDate "2021.10.22"]

1. Nf3 Nf6 2. b3 d5 3. Bb2 c5 4. e3 Nc6 5. Bb5 Bd7 6. Bxc6 Bxc6 7. Ne5 Qc7 8.
O-O e6 9. d3 Bd6 10. f4 h5 11. Nd2 O-O-O 12. Qe2 Rhg8 13. e4 dxe4 14. Nxe4 Bxe4
15. dxe4 Bxe5 16. Bxe5 Qc6 17. Bxf6 gxf6 18. Rad1 h4 19. Rd3 Rxd3 20. cxd3 h3
21. g3 f5 22. Rc1 fxe4 23. dxe4 b6 24. b4 Rd8 25. bxc5 bxc5 26. Qe3 Kb8 27.
Rxc5 Qd6 28. Rc1 Qd2 29. Qxd2 Rxd2 30. Rf1 Rxa2 31. f5 Rg2+ 32. Kh1 Kc7 33.
fxe6 fxe6 34. Rf7+ Kd6 35. Rxa7 Ke5 36. Rh7 Kxe4 37. Rxh3 Re2 38. g4 Kf4 39.
Rg3 Kg5 40. h3 1/2-1/2

[Event "Hull 4NCL International"]
[Site "Hull"]
[Date "2021.10.24"]
[Round "4.26"]
[White "Zhu, Yaoyao"]
[Black "Pattni, Kishan"]
[Result "1-0"]
[WhiteElo "1998"]
[BlackElo "1743"]
[PlyCount "57"]
[EventDate "2021.10.22"]

1. e4 c5 2. Nc3 e6 3. Nf3 Nc6 4. g3 d5 5. exd5 exd5 6. d4 Be6 7. Bg2 h6 8. O-O
Nf6 9. Re1 Be7 10. Ne2 O-O 11. c3 Nh5 12. dxc5 Bxc5 13. Ned4 Bg4 14. h3 Bd7 15.
Be3 Bb6 16. Ne5 Nxg3 17. Nexc6 bxc6 18. fxg3 Bc7 19. Bf4 Bxf4 20. gxf4 Qb6 21.
Qd2 a5 22. Qf2 Rab8 23. Re2 Rfd8 24. Rae1 c5 25. Nf3 f6 26. Qg3 Bb5 27. Re7 g5
28. fxg5 fxg5 29. R1e6 1-0

[Event "Hull 4NCL International"]
[Site "Hull"]
[Date "2021.10.24"]
[Round "4.27"]
[White "Liu, Jack"]
[Black "Hall, David G"]
[Result "1-0"]
[WhiteElo "1810"]
[BlackElo "1833"]
[PlyCount "0"]
[EventDate "2021.10.22"]

1. e4 g6 2. d4 Bg7 3. Nf3 c6 4. h3 d5 5. e5 f6 6. Bd3 Qb6 7. O-O Nh6 8. exf6
exf6 9. Re1+ Kf7 10. Qe2 Qd8 11. Bf4 Re8 12. Qxe8+ Qxe8 13. Rxe8 Kxe8 14. Nbd2
Be6 15. Re1 Kf7 16. Nb3 b6 17. Bd6 Nd7 18. g4 Bf8 19. Bf4 Ng8 20. Kg2 Rd8 21.
a4 Ne7 22. a5 Re8 23. axb6 axb6 24. Ra1 Nc8 25. Ra8 Nd6 26. Ra7 Kg8 27. Rc7 Nb8
28. g5 f5 29. Ne5 Rc8 30. Rxc8 Bxc8 31. f3 Be7 32. c3 Kf8 33. h4 Ke8 34. Kg3
Bb7 35. Nd2 Nd7 36. b4 Nxe5 37. Bxe5 Kd7 38. Nf1 Nf7 39. Kf4 Ke6 40. Ng3 Nxe5
41. dxe5 c5 42. bxc5 bxc5 43. Nxf5 gxf5 44. Bxf5+ Kf7 45. Bxh7 Kg7 46. Bf5 Bc6
47. Kg4 Bd8 48. f4 c4 49. Bc2 Ba5 50. f5 Bxc3 51. e6 d4 52. f6+ Kf8 53. Kf4 d3
54. Bd1 Bd2+ 55. Ke5 c3 56. e7+ Kf7 57. Bh5+ Kg8 58. f7+ Kh7 59. g6+ 1-0

[Event "Hull 4NCL International"]
[Site "Hull"]
[Date "2021.10.24"]
[Round "4.28"]
[White "Sheppard, Derek A"]
[Black "Bettley, Andrew D"]
[Result "1/2-1/2"]
[WhiteElo "1710"]
[BlackElo "1852"]
[PlyCount "44"]
[EventDate "2021.10.22"]

1. d4 Nf6 2. Nf3 d5 3. c4 e6 4. cxd5 exd5 5. Nc3 c6 6. Bg5 Bf5 7. e3 Nbd7 8.
Bd3 Bg6 9. O-O Be7 10. Qc2 Bxd3 11. Qxd3 O-O 12. Rfc1 Re8 13. Rab1 Ne4 14. Bxe7
Qxe7 15. Qc2 f5 16. b4 a6 17. a4 Rac8 18. a5 Qe6 19. Na4 Nd6 20. Nd2 Qh6 21.
Nc5 Nb8 22. Qd3 Re7 1/2-1/2

[Event "Hull 4NCL International"]
[Site "Hull"]
[Date "2021.10.24"]
[Round "5.1"]
[White "Gallana, Marco"]
[Black "Wells, Peter K"]
[Result "1/2-1/2"]
[WhiteElo "2258"]
[BlackElo "2430"]
[PlyCount "0"]
[EventDate "2021.10.22"]

1. d4 {[%clk 01:30:56]} {[%emt 00:00:03]} Nf6 {[%clk 01:26:34]} {[%emt
00:04:27]} 2. Nf3 {[%clk 01:30:49]} {[%emt 00:00:37]} d5 {[%clk 01:26:49]}
{[%emt 00:00:11]} 3. c4 {[%clk 01:31:05]} {[%emt 00:00:18]} e6 {[%clk
01:27:12]} {[%emt 00:00:06]} 4. g3 {[%clk 01:31:11]} {[%emt 00:00:24]} Bb4+
{[%clk 01:26:32]} {[%emt 00:01:10]} 5. Bd2 {[%clk 01:31:09]} {[%emt 00:00:32]}
Be7 {[%clk 01:26:50]} {[%emt 00:00:11]} 6. Bg2 {[%clk 01:31:11]} {[%emt
00:00:28]} c6 {[%clk 01:26:20]} {[%emt 00:01:00]} 7. Qb3 {[%clk 01:28:08]}
{[%emt 00:03:34]} b6 {[%clk 01:14:09]} {[%emt 00:12:42]} 8. Nc3 {[%clk
01:27:28]} {[%emt 00:01:09]} O-O {[%clk 01:10:57]} {[%emt 00:03:42]} 9. O-O
{[%clk 01:27:42]} {[%emt 00:00:17]} Nbd7 {[%clk 01:01:54]} {[%emt 00:09:33]} 10.
cxd5 {[%clk 01:24:20]} {[%emt 00:03:51]} cxd5 {[%clk 01:01:52]} {[%emt
00:00:32]} 11. Rfc1 {[%clk 01:22:33]} {[%emt 00:02:17]} Bb7 {[%clk 00:57:01]}
{[%emt 00:05:21]} 12. a4 {[%clk 01:19:50]} {[%emt 00:03:13]} Ne4 {[%clk
00:45:26]} {[%emt 00:12:05]} 13. Be1 {[%clk 01:14:53]} {[%emt 00:05:27]} Nxc3
{[%clk 00:42:50]} {[%emt 00:03:07]} 14. Bxc3 {[%clk 01:14:45]} {[%emt
00:00:38]} a5 {[%clk 00:42:17]} {[%emt 00:01:03]} 15. Bd2 {[%clk 01:12:00]}
{[%emt 00:03:14]} Bd6 {[%clk 00:39:16]} {[%emt 00:03:31]} 16. Bf4 {[%clk
01:08:44]} {[%emt 00:03:45]} Qb8 {[%clk 00:34:36]} {[%emt 00:05:11]} 17. Bxd6
{[%clk 00:50:48]} {[%emt 00:18:26]} Qxd6 {[%clk 00:34:54]} {[%emt 00:00:12]} 18.
Qa3 {[%clk 00:51:07]} {[%emt 00:00:10]} Qxa3 {[%clk 00:35:04]} {[%emt
00:00:21]} 19. Rxa3 {[%clk 00:51:31]} {[%emt 00:00:06]} Rfc8 {[%clk 00:34:49]}
{[%emt 00:00:44]} 20. Rac3 {[%clk 00:51:18]} {[%emt 00:00:43]} Rxc3 {[%clk
00:34:23]} {[%emt 00:00:56]} 21. Rxc3 {[%clk 00:51:38]} {[%emt 00:00:09]} Rc8
{[%clk 00:34:16]} {[%emt 00:00:37]} 22. Rxc8+ {[%clk 00:50:47]} {[%emt
00:01:21]} Bxc8 {[%clk 00:34:42]} {[%emt 00:00:05]} 23. Kf1 {[%clk 00:50:00]}
{[%emt 00:01:16]} Ba6 {[%clk 00:33:41]} {[%emt 00:01:31]} 24. Ke1 {[%clk
00:49:52]} {[%emt 00:00:37]} Kf8 {[%clk 00:33:51]} {[%emt 00:00:21]} 25. b3
{[%clk 00:48:46]} {[%emt 00:01:37]} Ke7 {[%clk 00:33:10]} {[%emt 00:01:11]} 26.
Kd2 {[%clk 00:48:51]} {[%emt 00:00:25]} b5 {[%clk 00:29:34]} {[%emt 00:04:06]}
27. axb5 {[%clk 00:45:17]} {[%emt 00:04:04]} Bxb5 {[%clk 00:29:57]} {[%emt
00:00:07]} 28. e3 {[%clk 00:44:12]} {[%emt 00:01:35]} Nb8 {[%clk 00:17:25]}
{[%emt 00:13:02]} 29. Ne1 {[%clk 00:37:55]} {[%emt 00:06:46]} Nc6 {[%clk
00:16:17]} {[%emt 00:01:39]} 30. Nc2 {[%clk 00:38:05]} {[%emt 00:00:20]} Kd6
{[%clk 00:16:03]} {[%emt 00:00:45]} 31. Kc3 {[%clk 00:38:01]} {[%emt 00:00:34]}
h6 {[%clk 00:06:27]} {[%emt 00:10:06]} 32. e4 {[%clk 00:19:24]} {[%emt
00:19:06]} dxe4 {[%clk 00:04:53]} {[%emt 00:02:04]} 33. Bxe4 {[%clk 00:19:44]}
{[%emt 00:00:09]} Na7 {[%clk 00:04:20]} {[%emt 00:01:03]} 34. Na3 {[%clk
00:18:53]} {[%emt 00:01:21]} e5 {[%clk 00:01:37]} {[%emt 00:03:14]} 35. dxe5+
{[%clk 00:14:57]} {[%emt 00:04:25]} Kxe5 {[%clk 00:02:05]} {[%emt 00:00:02]} 36.
Bg2 {[%clk 00:13:40]} {[%emt 00:01:46]} a4 {[%clk 00:00:44]} {[%emt 00:01:51]}
37. f4+ {[%clk 00:12:05]} {[%emt 00:02:05]} Kf5 {[%clk 00:01:00]} {[%emt
00:00:15]} 38. Bd5 {[%clk 00:05:57]} {[%emt 00:06:38]} axb3 {[%clk 00:00:43]}
{[%emt 00:00:47]} 39. Bxf7 {[%clk 00:06:02]} {[%emt 00:00:24]} g5 {[%clk
00:00:36]} {[%emt 00:00:37]} 40. fxg5 {[%clk 00:05:48]} {[%emt 00:00:44]} Kxg5
{[%clk 00:00:36]} {[%emt 00:00:31]} 41. Bxb3 {[%clk 00:06:07]} {[%emt
00:00:10]} Bd7 {[%clk 00:00:42]} {[%emt 00:00:24]} 42. Bd1 {[%clk 00:06:04]}
{[%emt 00:00:32]} Nb5+ {[%clk 00:00:49]} {[%emt 00:00:24]} 43. Nxb5 {[%clk
00:06:25]} {[%emt 00:00:09]} Bxb5 {[%clk 00:01:17]} {[%emt 00:00:03]} 44. Kd4
{[%clk 00:06:37]} {[%emt 00:00:18]} Kf6 {[%clk 00:01:40]} {[%emt 00:00:07]} 45.
Ke4 {[%clk 00:06:52]} {[%emt 00:00:15]} Bd7 {[%clk 00:01:46]} {[%emt 00:00:25]}
46. Kf4 {[%clk 00:07:13]} {[%emt 00:00:08]} Kg7 {[%clk 00:02:09]} {[%emt
00:00:07]} 47. Bc2 {[%clk 00:06:59]} {[%emt 00:00:45]} Bc6 {[%clk 00:02:29]}
{[%emt 00:00:10]} 48. h4 {[%clk 00:03:33]} {[%emt 00:03:55]}  1/2-1/2